000 00686nam a2200205Ii 4500
003 JO-AjNU
008 230605s9999||||xx |||||||||||||| ||und||
017 _a1970/2899
040 _aJO-AjNU
_bara
_erda
_cJO-AjNU
041 _aara
050 1 4 _aPJ7826 1970
100 3 _aتأليف سكيك،عدنان يوسف,
_eauthor
_914024
245 0 0 _aالنزعة الإنسانية عند جبران
264 3 1 _aالقاهرة:الهيئة المصرية العامة للنشر،1970
300 _a199ص
336 _atext
_btxt
_2rdacontent
337 _aunmediated
_bn
_2rdamedia
338 _avolume
_bnc
_2rdacarrier
650 4 _aالأدب العربي - تاريخ ونقد
_914025
999 _aA3641
_c7209
_d7209